00495 2200193 4500001002100000005001500021008004100036020001800077035001900095041000700114082001400121090001400135100001600149245003800165250000600203260004300209300002400252650002500276INLIS00000000002317220241224131436241224||||||||| | ||| |||| || |  a979-1422-49-4 0010-1224023172 aid0 a903 JAN e a903 JAN e0 aJanu Ismadi00aEnsiklopedi Anak Indonesia Seri 2 a1 aTangerang.bPanca Anugerah Saktic2008 axii, 52 hlm.; 25 cm 0aSejarah dan Geografi